Ensayos sobre literatura latinoamericana

Tallennettuna:
Bibliografiset tiedot
Päätekijä: Torres-Rioseco, Arturo (Tekijä)
Aineistotyyppi: Kirja
Kieli:espanja
Julkaistu: Ciudad de México Tezontle 1953
Aiheet:
Tagit: Lisää tagi
Ei tageja, Lisää ensimmäinen tagi!

MARC

LEADER 00000nam a2200000 a 4500
001 UCT6622
003 CL-VaPUC
008 970113e19530000MX |||||||||||||||||spa|d
082 0 4 |a H864  |b TOR  |2 21 
100 0 |a Torres-Rioseco, Arturo  |e author  |9 376874 
245 1 0 |a Ensayos sobre literatura latinoamericana 
300 |a 207 p 
942 |c BK 
945 |d 19970113 00:00:00  |a rleighto 
260 |a Ciudad de México  |b Tezontle  |c 1953 
650 7 |a ENSAYOS LATINOAMERICANOS  |2 CL-VaPUC  |9 376875 
650 0 |a Literatura mexicana  |9 313097 
650 7 |a LITERATURA NICARAGUENSE  |2 CL-VaPUC  |9 325734 
650 0 |a Literatura argentina  |9 320596 
583 |a last modification  |c 19970113 00:00:00  |k Rodrigo Vera 
999 |c 255307  |d 255305 
952 |0 0  |1 0  |4 0  |6 H_864_000000000000000_TOR_1953  |7 0  |8 A  |9 277509  |a BIBEDU  |b BIBEDU  |d 2019-11-19  |i 3272230  |o H864 TOR 1953  |p 3272230  |r 2019-11-19  |w 2019-11-19  |y BK  |k LIT